[Event "Moscow Rapid-ch 2018"]
[Site "Moscow"]
[Date "2018.12.09"]
[Round "11"]
[White "Ulko, Jaroslav"]
[Black "Golubov, Saveliy"]
[Result "0-1"]
[WhiteElo "2439"]
[BlackElo "2482"]
[Annotator "TA"]
[PlyCount "110"]
[EventDate "2018.12.08"]
[EventType "swiss"]
[EventCountry "RUS"]
[SourceTitle "playchess.com"]
[Source "ChessBase"]
[SourceQuality "1"]

{[%evp 19,110,57,82,73,77,62,73,60,82,51,57,60,58,47,59,0,157,164,162,70,59,56,77,80,70,77,92,85,89,78,74,70,95,75,76,77,76,85,78,89,87,58,63,14,25,-47,-1,-3,-1,-25,-22,-17,-22,-74,-68,-66,-60,-122,-97,-197,-198,-304,-191,-181,-186,-162,-160,-212,-186,-234,-189,-257,-214,-320,-304,-652,-643,-595,-184,-470,-295,-625,-616,-576,-485,-470,-377,-29975,-29974,-29983,-29984,-29975,-29977]} 1. d4 Nf6 2. Nf3 g6 3. c4 Bg7 4. Nc3 O-O 5. e4 d6 6. Be2 e5 7. O-O Nbd7 8. Re1 Re8 9. d5 Nh5 {E95: King's Indian: Classical: 7...Nbd7 8 Re1} (9... Nc5 10. Bf1 a5 11. b3 Bd7 12. a3 a4 13. b4 Nb3 14. Ra2 Nxc1 15. Qxc1 Nh5 16. c5 f5 17. c6 bxc6 {½-½ (44) Navara,D (2734)-Fressinet,L (2700) Huaian 2016}) 10. Bf1 Bf8 {LiveBook: 4 Games} 11. Rb1 $146 ({Predecessor:} 11. Be3 Ng7 12. Nd2 Be7 13. b4 Bg5 14. Bxg5 Qxg5 15. Rc1 Qd8 16. Nb3 f5 17. c5 {½-½ (32) Mareco,S (2526)-Fier,A (2601) Campinas 2010}) 11... Ng7 {White is better.} 12. b4 f5 13. exf5 gxf5 14. Bg5 Be7 15. Bxe7 Qxe7 16. Qd2 Nf6 17. Qg5 (17. Bd3 $14) 17... Nd7 $2 (17... Kh8 $11) 18. Nb5 $1 $16 {[%cal Rb5c7]} Nf8 19. Qxe7 ({Better is} 19. c5 $1 $18) 19... Rxe7 $14 20. c5 Rd7 21. cxd6 cxd6 22. Rbc1 a6 23. Nc7 Rb8 24. b5 axb5 25. Nxb5 b6 26. Rc6 Ne8 27. Nh4 Rd8 28. f4 exf4 29. Nd4 Ng6 30. Nxg6 hxg6 31. Re7 Bd7 32. Rc1 (32. Ne6 $11 Bxe6 33. dxe6 (33. Rxe6 Kf7 $11)) 32... Kf8 33. Rce1 $132 {[%mdl 2048] White is not holding back} Rbc8 34. Nc6 Bxc6 35. dxc6 Rc7 36. R7e6 {[#]} (36. Rxc7 $11 Nxc7 37. Rb1) 36... Kf7 $1 $17 37. Bc4 d5 38. Bb3 {[#]} ({Don't blunder} 38. Rxe8 $2 Rxe8 39. Bxd5+ Kf8 $19) (38. Bxd5 $15 Rxd5 39. Rxe8) 38... Nf6 $1 39. R6e5 (39. R1e5 $17) 39... Rd6 $19 40. Ba4 (40. g3 {was worth a try.}) 40... Ne4 41. Bb3 Kf6 ({Stronger than} 41... Rcxc6 42. Bxd5+ Kf6 43. Bxe4 $11) 42. Rxd5 Rdxc6 43. Rb5 (43. Rdd1 $17) 43... Rd6 44. Rb4 Rc5 45. Rf1 (45. Bc4 $142) 45... g5 46. h4 (46. Ra4 $142) 46... Ng3 ({Don't do} 46... gxh4 47. Rxf4 Ng3 48. Kf2 $19) 47. hxg5+ $2 (47. Re1) 47... Kxg5 48. Re1 Ne4 $2 (48... Rc3 49. Rb5 Rcd3) 49. Rf1 $2 (49. Ra4) 49... Re5 {aiming for ...Ng3.} 50. Bd1 $2 (50. Re1) 50... Ng3 51. Rbxf4 Nxf1 52. Rxf1 Rd2 53. Bb3 $2 (53. a4 $19) 53... Ree2 {Black mates.} 54. Kh1 Rxg2 55. Bd5 Rgf2 {Accuracy: White = 28%, Black = 65%.} 0-1

[Event "Moscow Rapid-ch 2018"]
[Site "Moscow"]
[Date "2018.12.09"]
[Round "11"]
[White "Yeletsky, Ivan"]
[Black "Sychev, Klementy"]
[Result "0-1"]
[WhiteElo "2406"]
[BlackElo "2537"]
[Annotator "TA"]
[PlyCount "76"]
[EventDate "2018.12.08"]
[EventType "swiss"]
[EventCountry "RUS"]
[SourceTitle "playchess.com"]
[Source "ChessBase"]
[SourceQuality "1"]

{[%evp 27,76,-24,-20,-53,-10,-45,0,0,12,-39,-5,-84,-91,-130,-117,-122,-136,-133,-108,-147,-88,-87,-52,-62,-49,-50,-48,-173,-165,-155,-150,-203,-173,-231,-222,-231,-194,-647,-640,-556,-349,-29983,-29984,-29983,-29978,-29988,-29989,-29992,-29993,-29996,-29997]} 1. e4 e5 2. Nf3 Nc6 3. Bb5 a6 4. Ba4 d6 5. O-O Bd7 6. c3 g6 7. d4 Bg7 8. d5 Nce7 9. Bxd7+ Qxd7 10. c4 h6 11. Nc3 f5 12. b4 {C76: Ruy Lopez: Deferred Steinitz: 5 c3 Bd7 6 d4 g6} (12. exf5 gxf5 13. Ne1 Nf6 14. f4 e4 15. Nc2 c5 16. dxc6 bxc6 17. Be3 O-O 18. Qd2 c5 19. h3 Qe6 {1-0 (51) Zhao,J (2604)-Sargissian,G (2672) Riadh 2017}) 12... Nf6 13. Nd2 O-O 14. f3 c6 {LiveBook: 9 Games} 15. Bb2 Rac8 $146 ({Predecessor:} 15... Kh7 16. Nb3 b5 17. c5 fxe4 18. fxe4 Rad8 19. a4 cxd5 20. exd5 bxa4 21. cxd6 Qxd6 22. Rxa4 Nexd5 {0-1 (47) Osmak,I (2353)-Batsiashvili,N (2475) Kocaeli 2017}) 16. Qe2 Nh5 17. g3 Nf6 18. Rac1 ({White should play} 18. a4 $11) 18... h5 19. Kg2 {[#]} (19. dxc6 $11 Qxc6 20. Qe3) 19... cxd5 $1 $17 20. Nxd5 Nexd5 21. exd5 b5 22. Qd3 Qb7 23. a4 bxc4 (23... bxa4 $142 24. Bc3 Nd7) 24. Nxc4 Qxd5 25. Qe2 {Black must now prevent Nb6.} Qe6 $1 26. Rfd1 Rfd8 27. Nb6 ({Better is} 27. b5 $15) 27... Rxc1 $19 28. Rxc1 {[#]} d5 $1 {[%cal Bd6d5,Bd5d4,Bd4d3][%mdl 32]} 29. a5 (29. Bd4 $17 {was called for.}) 29... e4 30. Rd1 {[#]} (30. Kg1 $142) 30... h4 $1 {[%mdl 512]} 31. fxe4 (31. gxh4 Nh5) 31... fxe4 {...e3 is the strong threat.} 32. gxh4 $2 (32. Na4) 32... Nh5 {Hoping for ...Nf4+.} 33. Bc1 d4 {And now ...d3 would win.} 34. Qc2 $2 (34. Qc4 $19 Qxc4 35. Nxc4) 34... Qg4+ {[%mdl 64] Double Attack. Black mates.} 35. Kh1 Qf3+ 36. Kg1 d3 37. Qb3+ Kh7 38. h3 Bd4+ {Accuracy: White = 19%, Black = 63%.} 0-1

[Event "Moscow Rapid-ch 2018"]
[Site "Moscow"]
[Date "2018.12.09"]
[Round "11"]
[White "Dvalishvili, Pavel S."]
[Black "Naumkin, Igor"]
[Result "1-0"]
[WhiteElo "2396"]
[BlackElo "2410"]
[Annotator "TA"]
[PlyCount "83"]
[EventDate "2018.12.08"]
[EventType "swiss"]
[EventCountry "RUS"]
[SourceTitle "playchess.com"]
[Source "ChessBase"]
[SourceQuality "1"]

{[%evp 13,83,5,20,0,0,0,0,0,0,0,2,-3,5,4,13,10,16,8,27,27,17,0,0,7,10,13,13,0,16,19,7,22,38,19,12,10,158,147,162,102,102,72,79,79,79,79,79,71,75,38,49,52,58,47,215,212,319,318,108,39,586,592,735,693,837,855,831,845,840,835,1175,1064]} 1. e4 e5 2. Bc4 Nf6 3. d3 Nc6 4. Nc3 Bb4 5. Nge2 d5 6. exd5 Nxd5 7. O-O Bxc3 {LiveBook: 26 Games. C28: Vienna Game: 2...Nf6 3 Bc4 Nc6} (7... Be6 8. Ne4 Be7 9. Bb3 O-O 10. f4 exf4 11. Nxf4 Nxf4 12. Bxf4 Nd4 13. Bxe6 Nxe6 14. Be5 Qd5 15. Bc3 f5 16. Nd2 {½-½ (41) Caruana,F (2816)-So,W (2778) Paris 2018}) 8. Bxd5 (8. Nxc3 {keeps more tension.} Be6 9. Ne4 Qe7 10. Ng5 O-O-O 11. Nxe6 Qxe6 12. Re1) 8... Qxd5 9. Nxc3 Qd7 {The position is equal.} 10. f4 O-O 11. fxe5 Nxe5 12. Bf4 Ng6 {[#] White must now prevent ...Qd4+.} 13. Bg3 $146 ({Predecessor:} 13. Qf3 c6 14. Rae1 Nxf4 15. Qxf4 {½-½ (24) Markocic,T (2087)-Petauer,E (1891) Portoroz 2016}) 13... b6 14. Qf3 Ba6 15. Qd5 Rad8 16. Qxd7 Rxd7 17. b4 Bb7 18. a4 a6 19. a5 $36 {[%mdl 2048] White has some pressure.} b5 20. Rfe1 Rc8 21. Ne4 Bxe4 $1 22. Rxe4 Re7 23. Rae1 Rxe4 24. Rxe4 $11 {[%mdl 4096] Endgame KRB-KRN} Nf8 (24... f5 $11 {remains equal.} 25. Re6 c5) 25. c4 $16 Ne6 {[#]} 26. cxb5 (26. d4 $1 $18) 26... axb5 27. Bf2 Kf8 28. Re5 c6 29. Bc5+ Ke8 30. Kf2 Kd7 31. Ke3 f6 32. Rh5 Re8 33. Kd2 Nf4 $2 (33... Rh8 $14) 34. Rxh7 $18 Re2+ (34... Ne6 $142 35. Bb6 Ra8) 35. Kc3 Rxg2 36. a6 (36. Kb3 $16 {Threatens to win with a6.} Ne6 37. a6) 36... Ke6 $2 {[%mdl 8192]} (36... Ra2 $1 $14) 37. a7 {White is clearly winning.} Ne2+ 38. Kd2 Nd4+ 39. Ke1 Nf3+ 40. Kd1 Ra2 41. Rxg7 Nd2 42. Rg2 {Accuracy: White = 67%, Black = 46%.} 1-0

[Event "Moscow Rapid-ch 2018"]
[Site "Moscow"]
[Date "2018.12.09"]
[Round "11"]
[White "Gorbatov, Alexej"]
[Black "Tarasov, Danila"]
[Result "1/2-1/2"]
[WhiteElo "2389"]
[BlackElo "1885"]
[Annotator "NA"]
[PlyCount "104"]
[EventDate "2018.12.08"]
[EventType "swiss"]
[EventCountry "RUS"]
[SourceTitle "playchess.com"]
[Source "ChessBase"]
[SourceQuality "1"]
[TimeControl "900+10"]

1. e4 {[%emt 0:00:00]} c5 {[%emt 0:00:00]} 2. b3 {[%emt 0:00:00]} Nf6 {[%emt 0:00:05]} 3. e5 {[%emt 0:00:04]} Nd5 {[%emt 0:00:01]} 4. Bb2 {[%emt 0:00:04]} Nc6 {[%emt 0:00:03]} 5. Nf3 {[%emt 0:00:09]} e6 {[%emt 0:00:05]} 6. g3 {[%emt 0:00:06]} g6 {[%emt 0:00:18]} 7. c4 {[%emt 0:00:29]} Nc7 {[%emt 0:00:04]} 8. Nc3 {[%emt 0:00:03]} Bg7 {[%emt 0:00:07]} 9. Ne4 {[%emt 0:00:02]} O-O {[%emt 0:00:11]} 10. Bc3 {[%emt 0:01:58]} b6 {[%emt 0:00:14]} 11. Bg2 {[%emt 0:00:19]} Bb7 {[%emt 0:00:02]} 12. O-O {[%emt 0:00:44]} Ne8 {[%emt 0:00:15]} 13. Re1 {[%emt 0:00:47]} d5 {[%emt 0:00:18]} 14. exd6 {[%emt 0:00:05]} Nxd6 {[%emt 0:00:05]} 15. Bxg7 {[%emt 0:00:05]} Kxg7 {[%emt 0:00:02]} 16. Nxd6 {[%emt 0:02:41]} Qxd6 {[%emt 0:00:04]} 17. d4 {[%emt 0:00:01]} cxd4 {[%emt 0:00:36]} 18. Nxd4 {[%emt 0:00:27]} Qxd4 {[%emt 0:00:19]} 19. Qxd4+ {[%emt 0:00:02]} Nxd4 {[%emt 0:00:03]} 20. Bxb7 {[%emt 0:00:01]} Rab8 {[%emt 0:00:06]} 21. Rad1 {[%emt 0:00:14]} Nxb3 {[%emt 0:00:36]} 22. axb3 {[%emt 0:00:03]} Rxb7 {[%emt 0:00:01]} 23. f4 {[%emt 0:00:11]} Rc8 {[%emt 0:00:24]} 24. Re5 {[%emt 0:00:26]} Rc5 {[%emt 0:00:28]} 25. Kf2 {[%emt 0:00:10]} Kf6 {[%emt 0:00:06]} 26. Re3 {[%emt 0:02:12]} b5 {[%emt 0:00:19]} 27. cxb5 {[%emt 0:00:02]} Rcxb5 {[%emt 0:00:02]} 28. Rdd3 {[%emt 0:00:01]} h5 {[%emt 0:00:04]} 29. h3 {[%emt 0:00:12]} Rb4 {[%emt 0:00:25]} 30. Kf3 {[%emt 0:00:03]} R4b5 {[%emt 0:00:27]} 31. g4 {[%emt 0:00:10]} hxg4+ {[%emt 0:00:23]} 32. hxg4 {[%emt 0:00:03]} g5 {[%emt 0:00:08]} 33. fxg5+ {[%emt 0:00:23]} Kxg5 {[%emt 0:00:03]} 34. Kg3 {[%emt 0:00:01]} Rc5 {[%emt 0:02:36]} 35. Rd4 {[%emt 0:01:01]} Rcb5 {[%emt 0:00:17]} 36. Rdd3 {[%emt 0:00:01]} a5 {[%emt 0:01:20]} 37. Rc3 {[%emt 0:00:16]} Rd5 {[%emt 0:00:16]} 38. Rf3 {[%emt 0:01:11]} Rdb5 {[%emt 0:01:12]} 39. Rce3 {[%emt 0:00:23]} Rd7 {[%emt 0:01:15]} 40. Re4 {[%emt 0:00:20]} Rdb7 {[%emt 0:00:45]} 41. Ree3 {[%emt 0:00:02]} Rd7 {[%emt 0:00:39]} 42. Re4 {[%emt 0:00:10]} Rdb7 {[%emt 0:00:18]} 43. Ree3 {[%emt 0:00:01]} Rd5 {[%emt 0:00:08]} 44. Re4 {[%emt 0:00:09]} f5 {[%emt 0:03:02]} 45. Rxe6 {[%emt 0:01:40]} fxg4 {[%emt 0:00:16]} 46. Rfe3 {[%emt 0:00:41]} Rf5 {[%emt 0:01:18]} 47. R6e4 {[%emt 0:00:30]} Rb4 {[%emt 0:01:22]} 48. Re8 {[%emt 0:01:22]} Rf3+ {[%emt 0:00:42]} 49. Rxf3 {[%emt 0:00:02]} gxf3 {[%emt 0:00:03]} 50. Re5+ {[%emt 0:00:02]} Kf6 {[%emt 0:00:04]} 51. Rxa5 {[%emt 0:00:02]} Rxb3 {[%emt 0:00:02]} 52. Rc5 {[%emt 0:00:12]} Ra3 {[%emt 0:00:05]} 1/2-1/2

[Event "Moscow Rapid-ch 2018"]
[Site "Moscow"]
[Date "2018.12.09"]
[Round "11"]
[White "Tsvetkov, Andrey"]
[Black "Gurvich, Vitaly"]
[Result "1-0"]
[WhiteElo "2338"]
[BlackElo "2270"]
[Annotator "NA"]
[PlyCount "53"]
[EventDate "2018.12.08"]
[EventType "swiss"]
[EventCountry "RUS"]
[SourceTitle "playchess.com"]
[Source "ChessBase"]
[SourceQuality "1"]
[TimeControl "900+10"]

1. d4 {[%emt 0:00:00]} Nf6 {[%emt 0:00:00]} 2. c4 {[%emt 0:00:00]} g6 {[%emt 0:00:00]} 3. Nc3 {[%emt 0:00:00]} Bg7 {[%emt 0:00:00]} 4. e4 {[%emt 0:00:00]} d6 {[%emt 0:00:00]} 5. Nf3 {[%emt 0:00:00]} O-O {[%emt 0:00:02]} 6. Be2 {[%emt 0:00:00]} Bg4 {[%emt 0:00:02]} 7. Be3 {[%emt 0:00:00]} Nfd7 {[%emt 0:00:05]} 8. Ng1 {[%emt 0:00:00]} Bxe2 {[%emt 0:00:02]} 9. Ngxe2 {[%emt 0:00:00]} c5 {[%emt 0:00:07]} 10. dxc5 {[%emt 0:00:01]} dxc5 {[%emt 0:00:42]} 11. O-O {[%emt 0:00:02]} Nc6 {[%emt 0:00:02]} 12. f4 {[%emt 0:00:03]} e5 {[%emt 0:03:54]} 13. f5 {[%emt 0:00:37]} Nd4 {[%emt 0:00:05]} 14. Nd5 {[%emt 0:00:03]} f6 {[%emt 0:00:07]} 15. Nec3 {[%emt 0:00:10]} gxf5 {[%emt 0:01:18]} 16. exf5 {[%emt 0:00:05]} Nb6 {[%emt 0:00:02]} 17. b3 {[%emt 0:00:51]} Nxd5 {[%emt 0:00:21]} 18. Nxd5 {[%emt 0:00:01]} b5 {[%emt 0:00:08]} 19. Qd3 {[%emt 0:00:27]} bxc4 {[%emt 0:00:30]} 20. Qxc4 {[%emt 0:00:16]} Kh8 {[%emt 0:00:02]} 21. Rad1 {[%emt 0:00:19]} Rc8 {[%emt 0:00:16]} 22. Nc3 {[%emt 0:00:59]} Qe7 {[%emt 0:01:59]} 23. Ne4 {[%emt 0:00:08]} Rfd8 {[%emt 0:00:11]} 24. Rc1 {[%emt 0:00:49]} Bf8 {[%emt 0:00:31]} 25. g4 {[%emt 0:00:52]} Qb7 {[%emt 0:01:23]} 26. Nxf6 {[%emt 0:00:29]} Be7 {[%emt 0:00:07]} 27. Qf7 {[%emt 0:00:41]} 1-0

[Event "Moscow Rapid-ch 2018"]
[Site "Moscow"]
[Date "2018.12.09"]
[Round "11"]
[White "Dudin, Gleb"]
[Black "Stukan, Martin"]
[Result "1/2-1/2"]
[WhiteElo "2303"]
[BlackElo "2142"]
[Annotator "NA"]
[PlyCount "115"]
[EventDate "2018.12.08"]
[EventType "swiss"]
[EventCountry "RUS"]
[SourceTitle "playchess.com"]
[Source "ChessBase"]
[SourceQuality "1"]
[TimeControl "900+10"]

1. d4 {[%emt 0:00:00]} Nf6 {[%emt 0:00:00]} 2. c4 {[%emt 0:00:00]} g6 {[%emt 0:00:00]} 3. Nc3 {[%emt 0:00:00]} d5 {[%emt 0:00:00]} 4. cxd5 {[%emt 0:00:00]} Nxd5 {[%emt 0:00:00]} 5. e4 {[%emt 0:00:00]} Nxc3 {[%emt 0:00:00]} 6. bxc3 {[%emt 0:00:00]} Bg7 {[%emt 0:00:00]} 7. Bc4 {[%emt 0:00:01]} O-O {[%emt 0:00:00]} 8. Ne2 {[%emt 0:00:02]} c5 {[%emt 0:00:00]} 9. O-O {[%emt 0:00:12]} Nc6 {[%emt 0:00:00]} 10. Be3 b6 11. Qd2 {[%emt 0:00:14]} Bb7 {[%emt 0:00:38]} 12. Rad1 {[%emt 0:00:11]} cxd4 {[%emt 0:00:08]} 13. cxd4 {[%emt 0:00:04]} Rc8 {[%emt 0:00:03]} 14. Rc1 {[%emt 0:01:54]} e6 {[%emt 0:00:20]} 15. Rfd1 {[%emt 0:01:18]} Na5 {[%emt 0:00:51]} 16. Bd3 {[%emt 0:00:01]} Qd7 {[%emt 0:00:01]} 17. Qb4 {[%emt 0:00:38]} Rxc1 {[%emt 0:01:07]} 18. Rxc1 {[%emt 0:00:14]} Rc8 {[%emt 0:00:01]} 19. Rxc8+ {[%emt 0:00:10]} Qxc8 {[%emt 0:00:01]} 20. Qc3 {[%emt 0:00:30]} Qxc3 {[%emt 0:00:33]} 21. Nxc3 {[%emt 0:00:03]} Nc6 {[%emt 0:00:29]} 22. Ne2 {[%emt 0:01:17]} Nb4 {[%emt 0:00:16]} 23. Bb1 {[%emt 0:00:05]} Ba6 {[%emt 0:00:56]} 24. Nf4 {[%emt 0:05:04]} Bc4 {[%emt 0:00:17]} 25. a3 {[%emt 0:00:03]} Na2 {[%emt 0:00:17]} 26. e5 {[%emt 0:02:29]} Bf8 {[%emt 0:02:30]} 27. Bxa2 {[%emt 0:00:23]} Bxa2 {[%emt 0:00:01]} 28. Bc1 {[%emt 0:00:03]} Bc4 {[%emt 0:00:07]} 29. f3 {[%emt 0:00:09]} Be7 {[%emt 0:04:08]} 30. Kf2 {[%emt 0:00:21]} f6 {[%emt 0:00:19]} 31. exf6 {[%emt 0:00:39]} Bxf6 {[%emt 0:00:01]} 32. Bb2 {[%emt 0:00:01]} b5 {[%emt 0:00:14]} 33. Ke3 {[%emt 0:00:17]} a5 {[%emt 0:00:02]} 34. Nd3 {[%emt 0:00:30]} Bg5+ {[%emt 0:00:38]} 35. f4 {[%emt 0:01:25]} Be7 {[%emt 0:00:20]} 36. Bc3 {[%emt 0:01:14]} Bxa3 {[%emt 0:00:44]} 37. Bxa5 {[%emt 0:00:02]} Bd6 {[%emt 0:01:20]} 38. Bb4 {[%emt 0:00:16]} Bc7 {[%emt 0:00:01]} 39. Ne5 {[%emt 0:00:25]} Bd5 {[%emt 0:00:01]} 40. g3 {[%emt 0:00:05]} Kg7 {[%emt 0:00:07]} 41. Kd3 {[%emt 0:00:32]} h6 {[%emt 0:01:16]} 42. h4 {[%emt 0:00:35]} Kf6 {[%emt 0:00:34]} 43. Ng4+ {[%emt 0:00:04]} Kg7 {[%emt 0:00:01]} 44. Ne5 {[%emt 0:00:05]} Bd8 {[%emt 0:00:05]} 45. Ke3 {[%emt 0:00:26]} g5 {[%emt 0:01:37]} 46. hxg5 {[%emt 0:00:25]} hxg5 {[%emt 0:00:01]} 47. Nd3 {[%emt 0:00:11]} Kf6 {[%emt 0:00:19]} 48. Ne5 {[%emt 0:00:09]} Bc7 {[%emt 0:00:28]} 49. g4 {[%emt 0:00:12]} Bb3 {[%emt 0:00:18]} 50. Nd7+ {[%emt 0:00:07]} Kg6 {[%emt 0:00:13]} 51. Ne5+ {[%emt 0:00:04]} Bxe5 {[%emt 0:00:07]} 52. dxe5 {[%emt 0:00:11]} Bd1 {[%emt 0:00:01]} 53. Be7 {[%emt 0:00:11]} Bxg4 {[%emt 0:00:08]} 54. fxg5 {[%emt 0:00:07]} Kf5 {[%emt 0:00:07]} 55. Kd4 {[%emt 0:00:01]} Bh5 {[%emt 0:00:13]} 56. Kc5 {[%emt 0:00:17]} Be8 {[%emt 0:00:05]} 57. Kd4 {[%emt 0:00:02]} Bd7 {[%emt 0:00:20]} 58. Bf6 {[%emt 0:00:02]} 1/2-1/2

[Event "Moscow Rapid-ch 2018"]
[Site "Moscow"]
[Date "2018.12.09"]
[Round "11"]
[White "Borisova, Ekaterina"]
[Black "Utiatskaja, Irina"]
[Result "0-1"]
[WhiteElo "2244"]
[BlackElo "2246"]
[Annotator "NA"]
[PlyCount "144"]
[EventDate "2018.12.08"]
[EventType "swiss"]
[EventCountry "RUS"]
[SourceTitle "playchess.com"]
[Source "ChessBase"]
[SourceQuality "1"]
[TimeControl "900+10"]

1. e4 {[%emt 0:00:00]} c5 {[%emt 0:00:00]} 2. Nf3 {[%emt 0:00:00]} d6 {[%emt 0:00:00]} 3. d4 {[%emt 0:00:00]} cxd4 {[%emt 0:00:00]} 4. Nxd4 {[%emt 0:00:00]} Nf6 {[%emt 0:00:00]} 5. Nc3 {[%emt 0:00:00]} a6 {[%emt 0:00:00]} 6. Bg5 {[%emt 0:00:00]} Nbd7 {[%emt 0:00:16]} 7. f4 {[%emt 0:00:00]} Qc7 {[%emt 0:00:05]} 8. Qf3 {[%emt 0:00:01]} b5 {[%emt 0:00:08]} 9. O-O-O {[%emt 0:00:16]} Bb7 {[%emt 0:00:01]} 10. Nd5 {[%emt 0:00:37]} Nxd5 {[%emt 0:01:07]} 11. exd5 {[%emt 0:00:03]} g6 {[%emt 0:00:21]} 12. Nc6 {[%emt 0:02:40]} Bxc6 {[%emt 0:00:45]} 13. dxc6 {[%emt 0:01:04]} Nc5 {[%emt 0:00:57]} 14. Qc3 {[%emt 0:03:08]} Rg8 {[%emt 0:01:10]} 15. Bd3 {[%emt 0:02:13]} Qxc6 {[%emt 0:02:47]} 16. Rhe1 {[%emt 0:00:28]} Nxd3+ 17. Qxd3 {[%emt 0:00:09]} e6 {[%emt 0:01:41]} 18. Bf6 {[%emt 0:02:22]} Rc8 {[%emt 0:00:16]} 19. Kb1 {[%emt 0:00:32]} Be7 {[%emt 0:00:13]} 20. Bd4 {[%emt 0:00:52]} d5 {[%emt 0:01:03]} 21. g4 {[%emt 0:00:13]} Kd7 {[%emt 0:00:48]} 22. Re2 {[%emt 0:00:30]} Qc4 {[%emt 0:00:22]} 23. Qe3 {[%emt 0:00:10]} b4 {[%emt 0:02:06]} 24. f5 {[%emt 0:00:27]} gxf5 {[%emt 0:00:02]} 25. gxf5 {[%emt 0:00:03]} Rc6 {[%emt 0:00:04]} 26. b3 {[%emt 0:00:41]} Qb5 {[%emt 0:00:05]} 27. f6 {[%emt 0:01:16]} Bc5 {[%emt 0:00:34]} 28. Bxc5 {[%emt 0:00:12]} Qxc5 {[%emt 0:00:19]} 29. Qxc5 {[%emt 0:00:43]} Rxc5 {[%emt 0:00:02]} 30. Rd4 {[%emt 0:00:02]} a5 {[%emt 0:00:45]} 31. Rh4 {[%emt 0:00:02]} Rg6 {[%emt 0:00:16]} 32. Rxh7 {[%emt 0:00:39]} Rxf6 {[%emt 0:00:00]} 33. h4 {[%emt 0:00:14]} Rc3 {[%emt 0:00:02]} 34. Rh2 {[%emt 0:00:08]} Rg3 {[%emt 0:00:22]} 35. Kc1 {[%emt 0:00:37]} Rgg6 {[%emt 0:01:18]} 36. h5 {[%emt 0:00:16]} Rh6 {[%emt 0:00:00]} 37. Rg7 {[%emt 0:00:05]} Rf5 {[%emt 0:00:08]} 38. Rg8 {[%emt 0:00:13]} Rhxh5 {[%emt 0:00:04]} 39. Re2 {[%emt 0:00:07]} d4 {[%emt 0:00:17]} 40. Ra8 {[%emt 0:00:02]} Rc5 {[%emt 0:00:16]} 41. Kb2 {[%emt 0:00:09]} Rc7 {[%emt 0:00:47]} 42. Rd2 {[%emt 0:00:14]} Rd5 {[%emt 0:00:01]} 43. Rf2 {[%emt 0:00:05]} Ke7 {[%emt 0:00:02]} 44. a3 {[%emt 0:00:09]} bxa3+ {[%emt 0:00:07]} 45. Kxa3 {[%emt 0:00:01]} Rdc5 {[%emt 0:00:01]} 46. Kb2 {[%emt 0:00:02]} e5 {[%emt 0:00:25]} 47. Ra6 {[%emt 0:00:03]} e4 {[%emt 0:00:22]} 48. Raf6 {[%emt 0:00:09]} Ke8 {[%emt 0:00:02]} 49. R6f4 {[%emt 0:00:09]} Re5 {[%emt 0:00:03]} 50. Rh2 {[%emt 0:00:22]} Rce7 {[%emt 0:00:35]} 51. Kc1 {[%emt 0:00:17]} f5 {[%emt 0:00:11]} 52. Kd2 {[%emt 0:00:04]} Kd7 {[%emt 0:00:07]} 53. Rh5 {[%emt 0:00:05]} Rf7 {[%emt 0:01:00]} 54. Rg5 {[%emt 0:00:38]} Ke6 {[%emt 0:00:05]} 55. Rg6+ {[%emt 0:00:15]} Rf6 {[%emt 0:00:01]} 56. Rg8 {[%emt 0:00:01]} Rc5 {[%emt 0:00:07]} 57. Re8+ {[%emt 0:00:05]} Kd7 {[%emt 0:00:27]} 58. Rexe4 {[%emt 0:00:07]} fxe4 {[%emt 0:00:30]} 59. Rxf6 {[%emt 0:00:02]} e3+ {[%emt 0:00:17]} 60. Kd1 {[%emt 0:00:15]} Rh5 {[%emt 0:00:07]} 61. Rf4 {[%emt 0:00:12]} Rh1+ {[%emt 0:00:03]} 62. Ke2 {[%emt 0:00:03]} Rh2+ {[%emt 0:00:05]} 63. Ke1 {[%emt 0:00:29]} Rd2 {[%emt 0:00:01]} 64. Re4 {[%emt 0:00:18]} Kd6 {[%emt 0:00:01]} 65. c3 {[%emt 0:00:08]} Kd5 {[%emt 0:00:19]} 66. Re8 {[%emt 0:00:02]} dxc3 {[%emt 0:00:01]} 67. Rxe3 {[%emt 0:00:05]} Kd4 {[%emt 0:00:06]} 68. Re8 {[%emt 0:00:07]} Rb2 {[%emt 0:00:25]} 69. Rd8+ {[%emt 0:00:20]} Ke3 {[%emt 0:00:04]} 70. Re8+ {[%emt 0:00:04]} Kd3 {[%emt 0:00:02]} 71. Ra8 {[%emt 0:00:22]} Rb1+ {[%emt 0:00:03]} 72. Kf2 {[%emt 0:00:01]} c2 {[%emt 0:00:01]} 0-1

[Event "Moscow Rapid-ch 2018"]
[Site "Moscow"]
[Date "2018.12.09"]
[Round "11"]
[White "Paramzina, Anastasya"]
[Black "Afanasieva, Alexandra"]
[Result "1-0"]
[WhiteElo "2229"]
[BlackElo "1973"]
[Annotator "NA"]
[PlyCount "79"]
[EventDate "2018.12.08"]
[EventType "swiss"]
[EventCountry "RUS"]
[SourceTitle "playchess.com"]
[Source "ChessBase"]
[SourceQuality "1"]
[TimeControl "900+10"]

1. e4 c5 2. Nc3 d6 3. d4 cxd4 4. Qxd4 Nc6 5. Qd2 g6 6. b3 Bh6 7. f4 Nf6 8. Bb2 O-O 9. O-O-O a5 10. Kb1 a4 11. Be2 axb3 12. axb3 Qa5 13. h3 Bg7 14. Bd3 Nb4 15. Nge2 Nd7 16. h4 Nc5 17. Bc4 Nxe4 18. Qe3 Nxc3+ 19. Nxc3 Bf5 20. Rd2 Na2 21. Na4 Bxb2 22. Kxb2 b5 23. Rd5 Qc7 24. Rxf5 bxc4 25. Rb5 cxb3 26. cxb3 Qd7 27. Qe2 Rfb8 28. Rxb8+ Rxb8 29. Kxa2 Qb7 30. Qc2 Qb4 31. g3 d5 32. h5 Qd4 33. h6 Qb4 34. Qc3 Qxc3 35. Nxc3 d4 36. Ne4 f5 37. Ng5 Rc8 38. Kb2 Rc3 39. Rc1 Rxc1 40. Kxc1 1-0